000 00910nam a2200217Ia 4500
001 9844
003 GE_BSU
008 181216s||||||||xx |||||||||||||| ||und||
020 _a9992879785
040 _cGE_BSU
080 _a821.353.1.092+821.353.1.09"XX
100 _aნიკოლეიშვილი,ავთანდილ
245 _aმეოცე საუკუნის ქართული ლიტერატურის ისტორიის ნარკვევები.წ.4
245 _cრედ.სოსო სიგუა
260 _aქუთაისი
260 _bქუთაისის უნ–ტის გამ–ბა
260 _c2003
300 _a726გვ.20სმ.
653 _aმეოცე საუკუნის ქართული ლიტერატურის ისტორიის ნარკვევები
942 _cBK
999 _c43123
_d43123